00907nam a2200241 i 450000100060000000300090000600500170001500700030003200800410003502000180007608000190009424500990011325000120021226000990022430000250032365000610034865100600040965100560046971000630052585200520058894200080064099900170064811245ES-MaACL20250122114028.0t|960327s1995 xxu |||| | spa d a0-8213-2893-X a331(100)"1995"00aInforme sobre el desarrollo mundial 1995 b: el mundo del trabajo en una economía integrada. a1ª ed. aWashington D.C. : bBanco Internacional de Reconstrucción y Fomento / Banco Mundial, c1995. aX, 275 p. ; c27 cm. 4aDesarrollo económico-zPaíses en desarrollo.9161758 4aPaíses en desarrollo-xSituación económica.99186 4aPaíses en desarrollo-xSituación social.9157942 aBanco Internacional de Reconstrucción y Fomento.9167953 aES-MaACLjL-18653911546 zExpurgado: 22-1-2025 2udc c11245d11245